|
|
|
|
| LEADER |
02200nam a2200529 a 4500 |
| 001 |
nkc20081803573 |
| 003 |
CZ PrNK |
| 005 |
20210412193604.0 |
| 007 |
ta |
| 008 |
080612s2008 xr ac e c 000 0dcze |
| 015 |
|
|
|a cnb001803573
|
| 020 |
|
|
|a 978-80-254-2063-8
|q (brož.)
|
| 035 |
|
|
|a (OCoLC)244813068
|
| 040 |
|
|
|a ABA001
|b cze
|d OLA001
|
| 041 |
1 |
|
|a cze
|a eng
|h cze
|
| 043 |
|
|
|a e-xr---
|
| 045 |
|
|
|a x9y0
|
| 072 |
|
7 |
|a 73
|x Sochařství, keramika, porcelán, umělecké zpracování kovů
|2 Konspekt
|9 21
|
| 080 |
|
|
|a 730-033.5
|2 MRF
|
| 080 |
|
|
|a 730.036/.038
|2 MRF
|
| 080 |
|
|
|a (437.3)
|2 MRF
|
| 080 |
|
|
|a (083.824)
|2 MRF
|
| 100 |
1 |
|
|a Lhotský, Zdeněk,
|d 1956-
|7 jo20000071873
|4 art
|
| 245 |
1 |
0 |
|a Lhotský - Pelechov /
|c [úvodní texty Oldřich Palata, Ivan Neumann]
|
| 246 |
3 |
|
|a Zdeněk Lhotský a studio Pelechov
|
| 260 |
|
|
|a [Praha :
|b České muzeum výtvarných umění],
|c 2008
|
| 300 |
|
|
|a [69] s. :
|b il. (převážně barev.), portréty ;
|c 30 cm
|
| 500 |
|
|
|a Katalog vydán u příležitosti výstavy Zdeněk Lhotský a studio Pelechov, Praha, České muzeum výtvarných umění, 29.5.2008-14.9.2008
|
| 546 |
|
|
|a Souběžný anglický text
|
| 600 |
1 |
7 |
|a Lhotský, Zdeněk,
|d 1956-
|7 jo20000071873
|2 czenas
|
| 610 |
2 |
7 |
|a Studio tavené skleněné plastiky Pelechov
|7 kn20080728005
|2 czenas
|
| 648 |
|
4 |
|a 1994-2008
|
| 650 |
0 |
7 |
|a skleněná plastika
|7 ph125584
|z Česko
|y 20.-21. století
|2 czenas
|
| 650 |
0 |
7 |
|a moderní sochařství
|7 ph122941
|z Česko
|2 czenas
|
| 650 |
0 |
9 |
|a glass sculpture
|z Czechia
|y 20th-21st centuries
|2 eczenas
|
| 650 |
0 |
9 |
|a modern sculpture
|z Czechia
|2 eczenas
|
| 655 |
|
7 |
|a katalogy výstav
|7 fd132536
|2 czenas
|
| 655 |
|
9 |
|a exhibition catalogs
|2 eczenas
|
| 700 |
1 |
|
|a Palata, Oldřich,
|d 1943-
|7 xx0025367
|4 wfw
|
| 700 |
1 |
|
|a Neumann, Ivan,
|d 1945-2025
|7 jo2002105845
|4 wfw
|
| 710 |
2 |
|
|a Studio Lhotský
|7 kn20050819004
|
| 856 |
4 |
1 |
|u http://www.digitalniknihovna.cz/mzk/uuid/uuid:088b96b0-8839-11e9-b724-005056827e52
|y Digitalizovaný dokument
|x NDK
|
| 910 |
2 |
|
|a BOA001
|b 4-1207.697
|
| 990 |
|
|
|a BK
|
| 995 |
|
|
|a 01
|
| 991 |
|
|
|b 200807
|c NOV
|
| 996 |
6 |
|
|b 2610347032
|c 4-1207.697
|l MZK
|r Sklad / do 1 hodiny
|n 5
|p p.v.
|w 001066795
|u 000010
|a 1
|e BOA001
|j MZK50
|s P
|